Yoga para todos /

Manual dividido en seis lecciones, en donde la autora sintetiza varias de las técnicas explicadas en libros anteriores y con las cuales se orienta al lector en técnicas de respiración, relajación y posturas que ayudarán al equilibrio del cuerpo. En el último apartado se incluyen dietas y recetas par...

Descrición completa

Gardado en:
Detalles Bibliográficos
Autor Principal: Devi, Indra (autor)
Outros autores: Menuhin, Yehudi (prólogo) (prólogo), Mateo, Andrés María (traducción) (traducción)
Formato: Libro
Idioma:Lingua castelá
Publicado: México : Diana, 2001, c2001
Edición:2a edición
Temas:
Etiquetas: Engadir etiqueta
Sen Etiquetas, Sexa o primeiro en etiquetar este rexistro!

MARC

LEADER 00000nam^a2200000^a^4500
001 000380955
005 20250521000000.0
009 20260310120629.747
020 |a 968-13-1928-1 
037 |a Acervo ITESO - Biblioteca 
041 |a ESP 
082 |a 613. 7046  |b DEV 
100 |a Devi, Indra  |e (autor) 
240 1 1 |a [Yoga para todos] 
245 1 0 |a Yoga para todos /  |c I. Devi ; pról. de Y. Menuhin ; tr. por A.M. Mateo. 
250 |a 2a edición 
264 4 |a México :  |b Diana,  |c 2001, c2001 
300 |a 271 p. 
336 |a texto  |b txt  |2 rdacontenido 
337 |a sin mediación  |b n  |2 rdamedio 
338 |a volumen  |b nc  |2 rdasoporte 
500 |a Traducción de: Yoga for Americans 
520 |a Manual dividido en seis lecciones, en donde la autora sintetiza varias de las técnicas explicadas en libros anteriores y con las cuales se orienta al lector en técnicas de respiración, relajación y posturas que ayudarán al equilibrio del cuerpo. En el último apartado se incluyen dietas y recetas para una sana alimentación. 
649 |a XX 
650 |a Yoga -  |x Tema Principal 
650 |a Respiración 
650 |a Filosofía Hindú 
650 |a Educación Física 
650 |a Educación y Salud 
650 |a Salud 
700 |a Menuhin, Yehudi  |e (prólogo) 
700 |a Mateo, Andrés María  |e (traducción) 
910 |a Fondo General 
920 |a Impresos - Libros 
930 |a Colección General 
905 |a 101 
901 |a 0500275926  |b IT1  |c ACC  |i D77428  |u 20250521 
902 |a https://opac.biblio.iteso.mx/vufind/Record/000380955